MARC

LEADER 00000nam0a2200000 4500
001 27240
005 20231214134930.0
035 |a (RuTPU)RU\TPU\book\27489 
035 |a BOOK00027564 
090 |a 27240 
100 |a 20011209d2001 m y0rusy50 ca 
101 0 |a rus 
102 |a RU 
105 |a a j 000zy 
200 1 |a Методические рекомендации по использованию видео на уроках английского языка  |e методическое пособие  |f Томский политехнический университет (ТПУ), Ин-т языковой коммуникации ; под ред. Л. Г. Аверкиевой, Е. Н. Сунцовой 
210 |a Томск  |c STT  |d 2001 
215 |a 51 с. 
225 1 |a Совершенствование языковой подготовки в техническом вузе  |v Вып. 8 
610 1 |a английский язык 
610 1 |a методика 
610 1 |a обучение 
610 1 |a преподавание 
610 1 |a технические средства 
610 1 |a видеоматериалы 
610 1 |a учебные пособия 
610 1 |a труды учёных ТПУ 
686 |a Ш143.21-91  |2 rubbk 
702 1 |a Аверкиева  |b Л. Г.  |c лингвист  |c старший преподаватель Томского политехнического университета  |f 1973-  |g Любовь Геннадьевна  |3 (RuTPU)RU\TPU\pers\24569  |4 340  |9 10868 
702 1 |a Сунцова  |b Е. Н.  |c лингвист  |c доцент Томского политехнического университета, кандидат педагогических наук  |f 1975-  |g Евгения Николаевна  |3 (RuTPU)RU\TPU\pers\28280  |4 340 
712 0 2 |a Томский политехнический университет (ТПУ)  |b Ин-т языковой коммуникации  |3 (RuTPU)RU\TPU\col\376 
801 0 |a RU  |b 63413507  |c 20011209  |g PSBO 
801 2 |a RU  |b 63413507  |c 20230628  |g PSBO 
942 |c BK